|
|
|
|
| LEADER |
01460nam a2200361Ia 4500 |
| 001 |
EBC3117783 |
| 003 |
MiAaPQ |
| 005 |
20200520144314.0 |
| 006 |
m o d | |
| 007 |
cr cn||||||||| |
| 008 |
760927r20011911onc s 000 0 eng d |
| 035 |
|
|
|a (MiAaPQ)EBC3117783
|
| 035 |
|
|
|a (Au-PeEL)EBL3117783
|
| 035 |
|
|
|a (CaPaEBR)ebr5000125
|
| 035 |
|
|
|a (OCoLC)842684407
|
| 040 |
|
|
|a MiAaPQ
|c MiAaPQ
|d MiAaPQ
|
| 041 |
1 |
|
|a eng
|a ger
|
| 050 |
|
4 |
|a HD2847
|b .L3813 2001
|
| 100 |
1 |
|
|a Levy, Hermann,
|d 1881-1949.
|
| 240 |
1 |
0 |
|a Monopole, Kartelle und Trusts.
|l English
|
| 245 |
1 |
0 |
|a Monopoly and competition
|h [electronic resource] :
|b a study in English industrial organisation /
|c Hermann Levy.
|
| 260 |
|
|
|a Kitchener, Ont. :
|b Batoche,
|c 2001.
|
| 300 |
|
|
|a 239, [271] p.
|
| 500 |
|
|
|a Notes : [240-271].
|
| 500 |
|
|
|a "Reprint of the 1911 ed. published by Macmillan, London."
|
| 500 |
|
|
|a "This book was first published under the title "Monopole, Kartelle und Trusts" by Gustav Fischer, Jena, in 1909."
|
| 533 |
|
|
|a Electronic reproduction. Ann Arbor, MI : ProQuest, 2015. Available via World Wide Web. Access may be limited to ProQuest affiliated libraries.
|
| 650 |
|
0 |
|a Monopolies
|z Great Britain.
|
| 650 |
|
0 |
|a Cartels
|z Great Britain.
|
| 650 |
|
0 |
|a Trusts, Industrial
|z Great Britain.
|
| 655 |
|
4 |
|a Electronic books.
|
| 710 |
2 |
|
|a ProQuest (Firm)
|
| 856 |
4 |
0 |
|u https://ebookcentral.proquest.com/lib/matrademy/detail.action?docID=3117783
|z Click to View
|